000 00615nam a2200241 a 4500
001 0001-1339
003 ELIB.Books
008 150831 2010 eng
020 _a0760733724
035 _a(ELIB.Books)0001-1494
092 _a808.83
_bLeJ
100 _aLe Joly, Edward.
245 _aMother Teresa's Reaching Out in Love
260 _aNew York:
_bBarnes & Noble Books
_c1998
300 _a164
_c21 Cm
500 _aDr. Min Oo
650 _aShort Stories
856 _nKBTS: Library
_uKBTS: Elib
942 _2ddc
_cBK
990 _a1
998 _cbat
_e2015-08-31
999 _c11339
_d11339